zpět

Detail výsledku týmu

R.A.M., Jablonec nad Nisou

Datum a čas kvízu

20.5 Celkem bodů Celkový počet nahraných bodů na tomto kvízu bez doplňovacích otázek.
18. Pořadí na kvízu Konečné umístění týmu na tomto kvízu.

Zaznamenané odpovědi

# Otázka Odpověď Body Výsledky
1. Za nejapné vtipkování na adres... 1
2. Německá armáda schválila verzi... 0
3. Že americká skupina Metallica... 0
4. Maďarský vynález, který v brzk... 0
5. Po 18 letech se budou muset fa... 0
6. Oslí můstek je výraz, který se... 0
7. Blízkým a poněkud ušlechtilejš... 1
8. Koňská síla (značka HP) je sta... 0
9. Nejen koně či automobily mají... 1
10. Abyste mohli ukázat svou sílu,... 0